000 00767nam a22002177a 4500
003 0
005 20251111164128.0
008 251111b xxu||||| |||| 00| 0 eng d
020 _a978-1-284-28917-6
050 _aRB 145
_b.T87 2026
100 _aTurgeon, Mary Louise,
_eauthor.
245 _aClinical hematology :
_bprinciples, applications, and molecular concepts /
_cMary Louise Turgeon.
250 _aSeventh edition.
260 _aBurlington, MA :
_bWorld Headquarters, Jones & Bartlett Learning,
_c2026.
300 _axxix, 693 pages :
_bcolored illustrations ;
_c28 cm.
504 _aIncludes bibliographical references and index.
650 _aHematologic Diseases.
650 _aHematology
_xmethods.
650 _aLaboratory Medicine.
942 _2lcc
_cBK
999 _c368599
_d368599